[Event "Champ FRA - Under 12"]
[Site "Europe Echecs"]
[Date "2020.07.08"]
[Round "8"]
[White "MorinRocheHugo"]
[Black "LamagaSacha"]
[Result "1-0"]
[WhiteElo "1231"]
[BlackElo "1430"]
[PlyCount "213"]
[EventDate "2020.??.??"]

1. e4 e5 2. Nf3 Nc6 3. Bc4 Bc5 4. O-O d6 5. d3 Bg4 6. h3 Bh5 7. Be3 Nd4 8. Bxd4
Bxd4 9. c3 Bb6 10. Nbd2 Nf6 11. a4 a6 12. b4 a5 13. b5 O-O 14. Qb3 c6 15. bxc6
bxc6 16. Rab1 Rb8 17. Qa3 Bc5 18. Rxb8 Qxb8 19. Qa2 Qb7 20. Rb1 Qc7 21. Ba6 Rb8
22. Rxb8+ Qxb8 23. Ng5 Qb6 24. Bc4 Bxf2+ 25. Kh2 Bg3+ 26. Kxg3 Qe3+ 27. Ngf3
Bxf3 28. Nxf3 Qf4+ 29. Kf2 Nh5 30. Kg1 Qc1+ 31. Kh2 Qf4+ 32. Kg1 Qc1+ 33. Kf2
Qf4 34. Qb2 Qg3+ 35. Kg1 g6 36. Qb3 Nf4 37. Qc2 d5 38. exd5 cxd5 39. Bxd5 Nxd5
40. Qb3 Nf4 41. Qb8+ Kg7 42. Qxe5+ Kf8 43. Qh8+ Ke7 44. Qe5+ Kf8 45. Qh8+ Ke7
46. Qe5+ Kd7 47. Qb5+ Kc7 48. Qxa5+ Kb7 49. Qb5+ Ka7 50. Qd7+ Kb8 51. Qd6+ Kc8
52. Qc6+ Kd8 53. Qd6+ Ke8 54. Qe5+ Kf8 55. Qh8+ Ke7 56. Qe5+ Kf8 57. Qb8+ Kg7
58. Qb2 Nxh3+ 59. Kf1 Nf4 60. c4+ Kh6 61. Ne5 Nxd3 62. Nxf7+ Kh5 63. Qe2+ Kh4
64. Qe4+ Qf4+ 65. Qxf4+ Nxf4 66. a5 Ne6 67. a6 Nc7 68. a7 g5 69. Nd8 Kh5 70.
Ne6 Na8 71. c5 Kg6 72. c6 Kf6 73. c7 Nb6 74. a8=Q Nxa8 75. c8=Q Nb6 76. Qc6 Na4
77. Qxa4 Kxe6 78. Ke2 Kf6 79. Ke3 h5 80. Qc6+ Kf5 81. Qd5+ Kg4 82. Qg8 h4 83.
Qe6+ Kh5 84. Qh3 g4 85. Qh1 g3 86. Qd1+ Kg5 87. Kf3 Kh5 88. Qd5+ Kg6 89. Qe4+
Kh5 90. Qg4+ Kh6 91. Qxh4+ Kg7 92. Qxg3+ Kh6 93. Qh4+ Kg6 94. Qg4+ Kf7 95. Qf5+
Ke7 96. g4 Kd6 97. g5 Ke7 98. g6 Kd6 99. g7 Ke7 100. g8=Q Kd6 101. Qe8 Kc7 102.
Qfd7+ Kb6 103. Qb8+ Kc5 104. Qbc7+ Kb4 105. Qd4+ Ka3 106. Qb7 Ka2 107. Qda7# {
LamagaSacha est échec et mat} 1-0

[Event "Champ FRA - Under 12"]
[Site "Europe Echecs"]
[Date "2020.07.08"]
[Round "8"]
[White "LovichiRaphael"]
[Black "NoeMilan"]
[Result "1-0"]
[WhiteElo "1406"]
[BlackElo "1110"]
[PlyCount "127"]
[EventDate "2020.??.??"]

1. e4 e6 2. d4 d5 3. Nd2 Nc6 4. c3 Nb8 5. e5 c5 6. f4 Qb6 7. Ndf3 f6 8. Bd3 Nc6
9. h4 cxd4 10. cxd4 Nxd4 11. Nxd4 Bd7 12. a3 f5 13. Ndf3 Bc5 14. Ne2 Bf2+ 15.
Kf1 Bc5 16. b4 Be7 17. Bb2 Nh6 18. Bd4 Qd8 19. Rc1 Ng4 20. g3 O-O 21. Nh2 Nxh2+
22. Rxh2 a5 23. Bc5 axb4 24. axb4 b6 25. Bxe7 Qxe7 26. Qb3 Ba4 27. Qb2 Rfc8 28.
Rxc8+ Rxc8 29. Nd4 Qd7 30. Bc2 b5 31. Bxa4 bxa4 32. Rc2 Qb7 33. Rxc8+ Qxc8 34.
Qc2 Qa6+ 35. Qe2 Qb6 36. Qb5 Qxb5+ 37. Nxb5 Kf8 38. Ke2 Ke7 39. Kd3 Kd7 40. Kd4
Kc6 41. Na3 g6 42. b5+ Kb6 43. Kc3 Kc5 44. b6 Kxb6 45. Kb4 h6 46. Nc2 Kc6 47.
Nd4+ Kd7 48. Kxa4 g5 49. hxg5 hxg5 50. fxg5 Ke7 51. Kb5 Kf7 52. Kc6 Ke7 53. g6
Kf8 54. Nxe6+ Ke7 55. g7 Kf7 56. Kxd5 f4 57. gxf4 Kg8 58. Kd6 Kf7 59. Ng5+ Kg8
60. e6 Kxg7 61. e7 Kh6 62. e8=Q Kg7 63. Qf7+ Kh6 64. Qh7# {NoeMilan est échec
et mat} 1-0

[Event "Champ FRA - Under 12"]
[Site "Europe Echecs"]
[Date "2020.07.08"]
[Round "8"]
[White "HorenfeldMelvi"]
[Black "SumarrivaPauliJ"]
[Result "1/2-1/2"]
[WhiteElo "1200"]
[BlackElo "1394"]
[PlyCount "130"]
[EventDate "2020.??.??"]

1. e4 e5 2. Nf3 Nc6 3. d4 exd4 4. Nxd4 Bc5 5. Be3 Bb6 6. Nc3 d6 7. Nxc6 bxc6 8.
Bc4 Nf6 9. Bg5 h6 10. Bh4 Be6 11. Bb3 Ba5 12. O-O Bxc3 13. bxc3 O-O 14. f3 a5
15. Ba4 Ra6 16. Qe2 Bc8 17. Rad1 Bb7 18. e5 Re8 19. Qc4 Rxe5 20. Qb3 Re6 21.
Qxb7 Rb6 22. Qa7 Qc8 23. Qxa5 Ra6 24. Qb4 Qa8 25. Bb3 c5 26. Qf4 d5 27. Bxf6
Rxf6 28. Qg3 c4 29. Qxc7 cxb3 30. axb3 Rfd6 31. Qc5 Rac6 32. Qb4 Qa7+ 33. Kh1
Qc7 34. c4 dxc4 35. Rxd6 Rxd6 36. bxc4 Rc6 37. Re1 Rxc4 38. Re8+ Kh7 39. Qd2
Rxc2 40. Qd3+ g6 41. g3 Rc1+ 42. Kg2 Qc2+ 43. Qe2 Qxe2+ 44. Rxe2 h5 45. h3 Kg7
46. g4 hxg4 47. hxg4 Rc5 48. Kg3 g5 49. Rd2 Kg6 50. Rd6+ f6 51. Rb6 Rc3 52. Re6
Rb3 53. Re4 Rc3 54. Kf2 Rc2+ 55. Re2 Rxe2+ 56. Kxe2 Kf7 57. Ke3 Ke6 58. Ke4 Kf7
59. Kd5 Ke7 60. Kd4 Kd6 61. Ke4 Ke6 62. f4 gxf4 63. Kxf4 Kf7 64. Kf5 Kg7 65. g5
fxg5 {Nulle par accord mutuel} 1/2-1/2

[Event "Champ FRA - Under 12"]
[Site "Europe Echecs"]
[Date "2020.07.08"]
[Round "8"]
[White "DoucetPierreAl"]
[Black "ChevillonManon"]
[Result "0-1"]
[WhiteElo "1177"]
[BlackElo "1356"]
[PlyCount "110"]
[EventDate "2020.??.??"]

1. e4 e5 2. Nf3 Nc6 3. Bb5 Bc5 4. O-O d6 5. c3 Bd7 6. d4 exd4 7. cxd4 Bb6 8.
Nc3 Nge7 9. Ng5 O-O 10. d5 Ne5 11. Bxd7 Qxd7 12. Bf4 N5g6 13. Be3 Bxe3 14. fxe3
h6 15. Nf3 Rae8 16. Qb3 Rb8 17. Qb5 Qxb5 18. Nxb5 a6 19. Nxc7 Rfc8 20. Rac1 Ne5
21. Nxe5 dxe5 22. d6 Nc6 23. Nd5 Rd8 24. Rxc6 bxc6 25. Ne7+ Kf8 26. Nxc6 Rbc8
27. Nxd8 Rxd8 28. Rd1 Ke8 29. a4 Kd7 30. Kf2 Ke6 31. Kg3 Rxd6 32. Rxd6+ Kxd6
33. Kf2 Kc5 34. Kg3 Kb4 35. Kg4 Kxa4 36. Kf5 Kb3 37. Kxe5 Kxb2 38. Kd5 a5 39.
Kc4 a4 40. Kb4 a3 41. Kc5 a2 42. e5 a1=Q 43. Kd6 Kc2 44. Ke7 Qxe5+ 45. Kxf7
Qxe3 46. Kxg7 Qg5+ 47. Kh7 Qxg2 48. Kxh6 Qxh2+ 49. Kg7 Qd6 50. Kg8 Qe7 51. Kh8
Kd3 52. Kg8 Ke4 53. Kh8 Kf5 54. Kg8 Kg6 55. Kh8 Qg7# {DoucetPierreAl est
échec et mat} 0-1

[Event "Champ FRA - Under 12"]
[Site "Europe Echecs"]
[Date "2020.07.08"]
[Round "8"]
[White "GuilloudRemi"]
[Black "ClaverieGabrie"]
[Result "1-0"]
[WhiteElo "1352"]
[BlackElo "1069"]
[PlyCount "73"]
[EventDate "2020.??.??"]

1. e4 e6 2. d4 d5 3. Nc3 c5 4. Be3 Qb6 5. b3 Nc6 6. Nf3 cxd4 7. Nxd4 Nxd4 8.
Bxd4 Bc5 9. Bb5+ Bd7 10. Bxc5 Qxc5 11. Bxd7+ Kxd7 12. exd5 Qxc3+ 13. Ke2 Ke7
14. Re1 Nf6 15. Kf1 Rhd8 16. Re3 Qc5 17. c4 Kf8 18. Re5 Ng4 19. Qxg4 Qd6 20.
Rae1 Re8 21. Kg1 Rad8 22. h3 Qd7 23. dxe6 fxe6 24. Kh2 Qd6 25. Qf3+ Kg8 26.
Qxb7 Rd7 27. Qe4 Rf7 28. Qe3 Ref8 29. f3 a6 30. Kh1 Qa3 31. Qe2 Rf6 32. Rxe6
Rxe6 33. Qxe6+ Kh8 34. Qe8 h6 35. Qe2 a5 36. Qe7 Qxa2 37. Qxf8+ {
ClaverieGabrie a abandonné} 1-0

[Event "Champ FRA - Under 12"]
[Site "Europe Echecs"]
[Date "2020.07.08"]
[Round "8"]
[White "SchutzBastien"]
[Black "CavillotDelest"]
[Result "1/2-1/2"]
[WhiteElo "1343"]
[BlackElo "1063"]
[PlyCount "102"]
[EventDate "2020.??.??"]

1. d4 e6 2. Bf4 c5 3. c3 d5 4. e3 Nf6 5. Nf3 Bd7 6. Bd3 Nc6 7. Nbd2 Be7 8. Qc2
cxd4 9. exd4 O-O 10. O-O Rc8 11. Rfe1 Nb4 12. Qb1 Nxd3 13. Qxd3 Qb6 14. Nb3 Bb5
15. Qd2 Ne4 16. Qe3 f6 17. Nfd2 e5 18. Nxe4 exf4 19. Nxf6+ Bxf6 20. Qxf4 Be7
21. Qe5 Bd6 22. Qxd5+ Kh8 23. Re6 Bc4 24. Qxd6 Bxe6 25. Qxb6 axb6 26. Re1 Bxb3
27. axb3 Ra8 28. h3 Ra2 29. Re2 Rfa8 30. Re7 Rxb2 31. Rxb7 Rxb3 32. c4 Rb4 33.
d5 Rxc4 34. Rxb6 Rd8 35. Kh2 Rd4 36. Kg3 R4xd5 37. Kh2 Rf5 38. f3 h6 39. Kg3
Rdf8 40. Kh4 g5+ 41. Kh5 g4+ 42. Kxg4 Rg5+ 43. Kh4 Rxg2 44. Rxh6+ Kg7 45. Rb6
Rxf3 46. Rb7+ Rf7 47. Rb4 Rg6 48. Kh5 Rf5+ 49. Kh4 Kh6 50. Rb5 Rfg5 51. Rxg5
Rxg5 {Nulle par pat} 1/2-1/2

[Event "Champ FRA - Under 12"]
[Site "Europe Echecs"]
[Date "2020.07.08"]
[Round "8"]
[White "LedjamAlbin"]
[Black "RosuAndrei"]
[Result "1-0"]
[WhiteElo "1165"]
[BlackElo "1342"]
[PlyCount "89"]
[EventDate "2020.??.??"]

1. Nf3 d5 2. c4 dxc4 3. e4 Nf6 4. Nc3 Nc6 5. Bxc4 e6 6. d4 Bb4 7. e5 Nd7 8. O-O
Nb6 9. Bd3 Nd5 10. Nxd5 Qxd5 11. Bc2 Bd7 12. Qd3 O-O-O 13. a3 Be7 14. Bb3 Qa5
15. Bd2 Qb6 16. Rac1 Rdg8 17. d5 Nd8 18. Be3 Qa5 19. d6 Bb5 20. Bc4 Bxc4 21.
Qxc4 Bxd6 22. exd6 c6 23. Rfd1 h5 24. d7+ Kb8 25. Bf4+ Ka8 26. Qd4 f6 27. Qc3
Qb6 28. Be3 Qc7 29. Qc5 b6 30. Qd6 Qb7 31. Nd4 g5 32. Nxc6 Nxc6 33. Qxc6 Qxc6
34. Rxc6 Rd8 35. Rxe6 g4 36. Rxf6 Rh7 37. Rfd6 Kb7 38. Bg5 Rf8 39. d8=Q Rxd8
40. Bxd8 Ka6 41. Rd7 Rh6 42. R1d4 Re6 43. g3 Re1+ 44. Kg2 h4 45. gxh4 {
RosuAndrei a abandonné} 1-0

[Event "Champ FRA - Under 12"]
[Site "Europe Echecs"]
[Date "2020.07.08"]
[Round "8"]
[White "BertLisa"]
[Black "LorhoJade"]
[Result "0-1"]
[WhiteElo "1133"]
[BlackElo "1335"]
[PlyCount "174"]
[EventDate "2020.??.??"]

1. e4 e5 2. Nf3 Nc6 3. Nc3 Nf6 4. Bc4 Bc5 5. O-O d6 6. d3 Bg4 7. h3 Bh5 8. Bg5
h6 9. Bxf6 gxf6 10. Bb5 Rg8 11. Kh1 Qd7 12. Bxc6 bxc6 13. Rg1 Bxf2 14. Rf1 Bb6
15. Qe1 Rg7 16. Qh4 Bxf3 17. Rxf3 O-O-O 18. Qxf6 Rdg8 19. g4 Rg6 20. Qxf7 Qxf7
21. Rxf7 Rg5 22. Raf1 h5 23. Ne2 hxg4 24. hxg4 Rxg4 25. Rh7 Rg2 26. Rh8 Rxh8+
27. Kxg2 Rg8+ 28. Kh3 Rh8+ 29. Kg4 Rh2 30. Kf3 Kb7 31. a3 d5 32. exd5 cxd5 33.
b4 e4+ 34. dxe4 dxe4+ 35. Kxe4 Rxe2+ 36. Kd3 Re3+ 37. Kd2 Rxa3 38. c4 Be3+ 39.
Kc2 Ra4 40. Rf3 Bd4 41. Kb3 Ra1 42. Rf7 a5 43. bxa5 Rxa5 44. Kb4 Ra6 45. Kb5
Rb6+ 46. Ka5 Bc3+ 47. Ka4 Rb4+ 48. Ka3 Rxc4 49. Kb3 Rc6 50. Rh7 Kb6 51. Rf7 Rf6
52. Rh7 Bd4 53. Kc4 Bf2 54. Rh8 c5 55. Rb8+ Kc7 56. Rg8 Rf4+ 57. Kd5 c4 58.
Rg7+ Kb6 59. Rg6+ Kb5 60. Rc6 Kb4 61. Rc8 Kc3 62. Ke5 Rd4 63. Rc6 Kd2 64. Rxc4
Rxc4 65. Kd5 Rh4 66. Ke5 Kd3 67. Kf5 Ke3 68. Kg5 Ra4 69. Kf5 Rb4 70. Kg5 Kf3
71. Kh5 Rb5+ 72. Kg6 Ke4 73. Kf6 Bd4+ 74. Kg6 Kf4 75. Kh6 Kg4 76. Kg6 Rb6+ 77.
Kf7 Kf5 78. Ke7 Rh6 79. Kd7 Ke5 80. Kc7 Kd5 81. Kb7 Kc5 82. Ka7 Kb5+ 83. Kb7
Rh7+ 84. Kc8 Kc6 85. Kd8 Ra7 86. Ke8 Kd6 87. Kd8 Ra8# {BertLisa est échec et
mat} 0-1

[Event "Champ FRA - Under 12"]
[Site "Europe Echecs"]
[Date "2020.07.08"]
[Round "8"]
[White "GuertonDimitri"]
[Black "ScoupeLuca"]
[Result "1/2-1/2"]
[WhiteElo "1334"]
[BlackElo "1095"]
[PlyCount "109"]
[EventDate "2020.??.??"]

1. e4 c6 2. d4 d5 3. e5 Bf5 4. Ne2 e6 5. Nbc3 Nd7 6. Be3 c5 7. g3 Ne7 8. Bg2
Nc6 9. O-O Be7 10. dxc5 Ncxe5 11. Re1 Bxc5 12. Bxc5 Nxc5 13. Nd4 Nc4 14. Nxf5
O-O 15. Qg4 exf5 16. Qxf5 Rc8 17. b3 Nb6 18. Rad1 Qf6 19. Qxf6 gxf6 20. Bxd5
Nxd5 21. Nxd5 Rfd8 22. Nxf6+ Kg7 23. Nh5+ Kh6 24. Rxd8 Rxd8 25. Nf4 Rd2 26. Re2
Rd1+ 27. Kg2 Na6 28. c3 Ra1 29. a4 Rc1 30. Nd5 Nc5 31. Rb2 Rd1 32. b4 Nxa4 33.
Ra2 Rxd5 34. Rxa4 a6 35. Kf3 Rd3+ 36. Kg4 Rxc3 37. f4 Rc2 38. h4 Kg6 39. h5+
Kf6 40. Kh4 Rd2 41. g4 Rf2 42. f5 Rf3 43. Ra5 h6 44. b5 Rb3 45. bxa6 bxa6 46.
Rxa6+ Kg7 47. g5 Rb4+ 48. Kg3 hxg5 49. h6+ Kh7 50. Ra7 Kxh6 51. Rxf7 Rb5 52.
Kg4 Rb4+ 53. Kg3 Rb3+ 54. Kg4 Rb4+ 55. Kg3 {Nulle par répétition} 1/2-1/2

[Event "Champ FRA - Under 12"]
[Site "Europe Echecs"]
[Date "2020.07.08"]
[Round "8"]
[White "LombartRemi"]
[Black "LedouxHugo"]
[Result "0-1"]
[WhiteElo "1100"]
[BlackElo "1322"]
[PlyCount "62"]
[EventDate "2020.??.??"]

1. e4 d5 2. exd5 Nf6 3. Nc3 c6 4. dxc6 Nxc6 5. Nf3 Bg4 6. Bb5 Qc7 7. h3 Bh5 8.
d3 e6 9. Bg5 Be7 10. g4 Bg6 11. Ne5 Qxe5+ 12. Be3 Bb4 13. Qf3 Bxc3+ 14. bxc3
Qxb5 15. O-O O-O 16. Rab1 Qa6 17. g5 Nd5 18. c4 Nxe3 19. fxe3 f6 20. gxf6 Rxf6
21. Qg2 Raf8 22. Rxf6 Rxf6 23. d4 Qxa2 24. Rxb7 Qa1+ 25. Kh2 Qe1 26. Rc7 Rf2
27. Rc8+ Kf7 28. Rc7+ Ne7 29. Rxe7+ Kxe7 30. Qxf2 Qxf2+ 31. Kh1 Be4# {
LombartRemi est échec et mat} 0-1

[Event "Champ FRA - Under 12"]
[Site "Europe Echecs"]
[Date "2020.07.08"]
[Round "8"]
[White "ParalieuEmma"]
[Black "SamorukovEgor"]
[Result "1/2-1/2"]
[WhiteElo "1312"]
[BlackElo "1060"]
[PlyCount "136"]
[EventDate "2020.??.??"]

1. e4 c5 2. Nf3 e6 3. c3 d6 4. d4 cxd4 5. cxd4 Nf6 6. Nc3 Nc6 7. Bg5 h6 8. Bh4
Be7 9. Bb5 Bd7 10. Bc4 O-O 11. O-O e5 12. dxe5 dxe5 13. Qe2 Bg4 14. Rfd1 Nd4
15. Qe3 Bc5 16. Qc1 Bxf3 17. Rd2 Bxe4 18. Nxe4 g5 19. Nxc5 gxh4 20. Rd3 Ne2+
21. Kf1 Qxd3 22. Nxd3 Nxc1 23. Rxc1 Rac8 24. b3 e4 25. Ne5 Rfe8 26. Bxf7+ Kg7
27. Rxc8 Rxc8 28. Bc4 Ng8 29. Ng4 h5 30. Ne3 Ne7 31. Ke2 a6 32. h3 b5 33. Be6
Rc6 34. Bd7 Rd6 35. Bf5 Kf6 36. Bxe4 Re6 37. Bf3 Nf5 38. Bxh5 Nxe3 39. fxe3 Kg5
40. Bg4 Rc6 41. Kd3 Rd6+ 42. Kc3 Rc6+ 43. Kb4 Rc2 44. a4 bxa4 45. bxa4 Rxg2 46.
Ka5 Ra2 47. e4 Kf6 48. Bf5 Ke5 49. Kb4 Ra1 50. Ka5 Ra2 51. Kxa6 Rxa4+ 52. Kb5
Rxe4 53. Bc8 Kf4 54. Kc5 Re3 55. Kd4 Re1 56. Kd3 Rh1 57. Ke2 Kg3 58. Ke3 Rxh3
59. Bxh3 Kxh3 60. Kf2 Kg4 61. Kg2 h3+ 62. Kh2 Kh4 63. Kh1 Kg3 64. Kg1 Kh4 65.
Kh2 Kg4 66. Kh1 Kg3 67. Kg1 h2+ 68. Kh1 Kh3 {Nulle par pat} 1/2-1/2

[Event "Champ FRA - Under 12"]
[Site "Europe Echecs"]
[Date "2020.07.08"]
[Round "8"]
[White "GreisslerRapha"]
[Black "BernardiAlexan"]
[Result "0-1"]
[WhiteElo "1285"]
[BlackElo "999"]
[PlyCount "132"]
[EventDate "2020.??.??"]

1. e4 e5 2. Nf3 Nc6 3. Bc4 d6 4. c3 Be6 5. Bb3 Nf6 6. d3 g6 7. O-O Bg7 8. h3
O-O 9. Be3 d5 10. exd5 Nxd5 11. Bc5 Re8 12. Nbd2 Nf4 13. Bxe6 Rxe6 14. d4 exd4
15. Nxd4 Bxd4 16. cxd4 Nxd4 17. Bxd4 Qxd4 18. Nf3 Qxd1 19. Rfxd1 b6 20. Rd7 Rc8
21. Ng5 Rf6 22. Re1 Ne6 23. Ne4 Rf5 24. Rc1 Nc5 25. Ng3 Nxd7 26. Nxf5 gxf5 27.
g4 fxg4 28. hxg4 Nf6 29. f3 c5 30. b3 Re8 31. Kf2 Rd8 32. Ke3 Kg7 33. Kf4 Kg6
34. g5 Nh5+ 35. Kg4 Rd4+ 36. Kh3 Kxg5 37. Rg1+ Kh6 38. Re1 Rd2 39. Re7 Nf4+ 40.
Kg4 Ng6 41. Rxa7 Rd3 42. Ra6 Ne5+ 43. Kf4 Nxf3 44. Rxb6+ Kg7 45. Ke4 Ne1 46. a4
Rc3 47. a5 c4 48. bxc4 Rxc4+ 49. Kd5 Ra4 50. Ra6 Nc2 51. Ra8 h5 52. Kc5 h4 53.
Kb5 Ra3 54. a6 h3 55. a7 f5 56. Kb6 f4 57. Rc8 Rb3+ 58. Ka6 Nb4+ 59. Ka5 Ra3+
60. Kb6 Nd5+ 61. Kb7 Rb3+ 62. Kc6 Ne7+ 63. Kc7 Rc3+ 64. Kb7 Rxc8 65. a8=Q Rxa8
66. Kxa8 f3 {GreisslerRapha a abandonné} 0-1

[Event "Champ FRA - Under 12"]
[Site "Europe Echecs"]
[Date "2020.07.08"]
[Round "8"]
[White "AvcharovLevon"]
[Black "LangerKarele"]
[Result "0-1"]
[WhiteElo "1075"]
[BlackElo "1282"]
[PlyCount "96"]
[EventDate "2020.??.??"]

1. g3 d5 2. Bg2 Nf6 3. d3 e5 4. Nf3 Nc6 5. c4 dxc4 6. O-O cxd3 7. Qxd3 Qxd3 8.
exd3 Bc5 9. Nc3 O-O 10. Re1 Re8 11. Be3 Bb6 12. Bxb6 axb6 13. a4 Bf5 14. Rad1
Rad8 15. Re3 Nb4 16. Nxe5 Nbd5 17. Nxd5 Nxd5 18. Bxd5 Rxd5 19. Nf3 Rxe3 20.
fxe3 Bg4 21. Kf2 Rf5 22. Kg1 Rxf3 23. Rc1 Rxe3 24. Rxc7 g6 25. Rxb7 Rxd3 26.
Rxb6 Rd1+ 27. Kf2 Ra1 28. Ra6 Bd7 29. a5 Ra2 30. Ra7 Be6 31. a6 Rxb2+ 32. Kg1
Bd5 33. Rd7 Bc6 34. a7 Ra2 35. Rc7 Bd5 36. Rc5 Be4 37. Re5 Bf3 38. Re3 Bb7 39.
Re7 Rxa7 40. Kf2 Ra2+ 41. Kg1 Bd5 42. Rd7 Be6 43. Rd8+ Kg7 44. Rd3 h5 45. Re3
Bh3 46. Re4 Rg2+ 47. Kh1 Rd2 48. Rh4 Rd1# {AvcharovLevon est échec et mat} 0-1

[Event "Champ FRA - Under 12"]
[Site "Europe Echecs"]
[Date "2020.07.08"]
[Round "8"]
[White "MekdachiMathie"]
[Black "LayadiNoha"]
[Result "1-0"]
[WhiteElo "999"]
[BlackElo "1280"]
[PlyCount "61"]
[EventDate "2020.??.??"]

1. d4 d5 2. c4 c6 3. Nc3 Bf5 4. Nf3 Nd7 5. cxd5 cxd5 6. Bf4 Nb6 7. e3 Nf6 8.
Bb5+ Nbd7 9. Bxd7+ Qxd7 10. Ne5 Qd8 11. Qb3 Rb8 12. Nc6 Qc8 13. Nxb8 e6 14.
Qb5+ Nd7 15. Nxd7 Qxd7 16. Qxd7+ Kxd7 17. O-O-O Bb4 18. Nb5 a6 19. Nc3 Ke7 20.
a3 Bxc3 21. bxc3 Rc8 22. Kd2 Kf8 23. Bd6+ Kg8 24. f4 Rc6 25. Bb8 b5 26. h3 Be4
27. Be5 Bxg2 28. Rhg1 Bf3 29. Rxg7+ Kh8 30. Rg3+ f6 31. Bxf6# {LayadiNoha est
échec et mat} 1-0

[Event "Champ FRA - Under 12"]
[Site "Europe Echecs"]
[Date "2020.07.08"]
[Round "8"]
[White "RobinLucien"]
[Black "DumasGustave"]
[Result "1-0"]
[WhiteElo "1265"]
[BlackElo "999"]
[PlyCount "97"]
[EventDate "2020.??.??"]

1. e4 e5 2. Nf3 Nc6 3. Nc3 Nf6 4. a3 Be7 5. d4 exd4 6. Nxd4 O-O 7. Bc4 Bc5 8.
Nxc6 dxc6 9. O-O Qxd1 10. Rxd1 Re8 11. Re1 Ng4 12. Re2 Bd6 13. h3 Nh2 14. e5
Bxe5 15. Bf4 Nf3+ 16. gxf3 Be6 17. Rxe5 Bxc4 18. Rae1 Rxe5 19. Rxe5 f6 20. Re7
Rd8 21. Rxc7 Re8 22. Ne4 f5 23. Nd6 Re1+ 24. Kh2 h6 25. Rxb7 Re2 26. Bg3 Rxc2
27. Rxa7 Bd5 28. Ra8+ Kh7 29. a4 Rxb2 30. a5 Bxf3 31. a6 Rb1 32. Bf4 g5 33. a7
gxf4 34. Rh8+ Kg7 35. Nxf5+ Kg6 36. Ng3 fxg3+ 37. Kxg3 Rb3 38. a8=Q Be4+ 39.
Kh2 Kg5 40. Qg8+ Bg6 41. Qxb3 Bc2 42. Qxc2 h5 43. Qe4 h4 44. f4+ Kf6 45. Qe5+
Kg6 46. Qe6+ Kg7 47. Rxh4 c5 48. Rg4+ Kf8 49. Rg8# {DumasGustave est échec et
mat} 1-0

[Event "Champ FRA - Under 12"]
[Site "Europe Echecs"]
[Date "2020.07.08"]
[Round "8"]
[White "CastagnerolThi"]
[Black "FontaineMaelys"]
[Result "1-0"]
[WhiteElo "1165"]
[BlackElo "1500"]
[PlyCount "139"]
[EventDate "2020.??.??"]

1. e4 c6 2. Nc3 d5 3. exd5 cxd5 4. d4 Bf5 5. Nf3 e6 6. Be2 Bd6 7. O-O Nf6 8.
Bg5 Nbd7 9. Bh4 O-O 10. Re1 Re8 11. Bd3 Bxd3 12. Qxd3 e5 13. dxe5 Bxe5 14. Nxd5
Bxb2 15. Rxe8+ Qxe8 16. Rb1 Be5 17. Nxf6+ Bxf6 18. Bxf6 Nxf6 19. Rxb7 Qe6 20.
Qb3 Re8 21. Qxe6 Rxe6 22. Rxa7 h6 23. h3 Re2 24. Rc7 Nd5 25. Rc4 Nb6 26. Rc3
Na4 27. Rc8+ Kh7 28. c4 Nb6 29. Rc6 Nd7 30. a4 Ra2 31. Ra6 Rb2 32. Ra7 Nb6 33.
c5 Nd5 34. Rxf7 Rb4 35. Rf5 Ne7 36. Re5 Ng6 37. Re6 Rxa4 38. Rc6 Ne7 39. Rc7
Nd5 40. Rd7 Nb4 41. Ne5 Ra6 42. Rd6 Ra1+ 43. Kh2 Rc1 44. c6 Rc2 45. Rd7 Nxc6
46. Rc7 Rxf2 47. Rxc6 Rf5 48. Nf3 h5 49. Kg3 g6 50. Rc7+ Kh6 51. Rc4 h4+ 52.
Nxh4 Rg5+ 53. Rg4 Rxg4+ 54. Kxg4 g5 55. Nf3 Kg6 56. Nxg5 Kh6 57. Ne4 Kg6 58. h4
Kh6 59. Kf5 Kh5 60. g4+ Kh6 61. h5 Kg7 62. g5 Kh7 63. g6+ Kh8 64. h6 Kg8 65.
Kf6 Kh8 66. g7+ Kg8 67. h7+ Kxh7 68. Kf7 Kh6 69. g8=Q Kh5 70. Qg5# {
FontaineMaelys est échec et mat} 1-0

[Event "Champ FRA - Under 12"]
[Site "Europe Echecs"]
[Date "2020.07.08"]
[Round "8"]
[White "BollengierRoma"]
[Black "MorlayeAlexand"]
[Result "0-1"]
[WhiteElo "1484"]
[BlackElo "1117"]
[PlyCount "58"]
[EventDate "2020.??.??"]

1. e4 e5 2. Nf3 Nc6 3. Bc4 Nf6 4. d4 exd4 5. O-O d6 6. Re1 Be7 7. e5 dxe5 8.
Nxe5 Nxe5 9. Rxe5 O-O 10. Qe1 Bd6 11. Re2 Bg4 12. Rd2 Qd7 13. Rxd4 Bxh2+ 14.
Kxh2 Qxd4 15. Bd3 Rfe8 16. Qf1 Bd7 17. Be3 Ng4+ 18. Kh1 Rxe3 19. fxe3 Nxe3 20.
Qf2 Nxc2 21. Qxc2 Qh4+ 22. Kg1 Re8 23. Nd2 Ba4 24. Qc1 Qd4+ 25. Kh1 Qxd3 26.
Nf3 Bc6 27. Qc5 h6 28. Ne5 Qh3+ 29. Kg1 Qxg2# {BollengierRoma est échec et mat
} 0-1

[Event "Champ FRA - Under 12"]
[Site "Europe Echecs"]
[Date "2020.07.08"]
[Round "8"]
[White "MechoulanDanie"]
[Black "FamelDiane"]
[Result "0-1"]
[WhiteElo "1140"]
[BlackElo "1366"]
[PlyCount "118"]
[EventDate "2020.??.??"]

1. Nf3 d5 2. g3 Nf6 3. Bg2 Nc6 4. O-O g6 5. d3 Bg7 6. Nc3 Bf5 7. Re1 O-O 8. e4
dxe4 9. dxe4 Qxd1 10. Rxd1 Nxe4 11. Nxe4 Bxe4 12. Re1 Bxc2 13. Re2 Bd1 14. Rd2
Bxf3 15. Bxf3 Rad8 16. Rxd8 Rxd8 17. Bxc6 bxc6 18. Rb1 Rd1+ 19. Kg2 e5 20. f4
exf4 21. gxf4 Bh6 22. Kf3 f5 23. Ke2 Rh1 24. Kd2 Bxf4+ 25. Kc2 Bxc1 26. Rxc1
Rxh2+ 27. Kd3 Rh3+ 28. Kd4 Rh2 29. b3 Rxa2 30. Rxc6 Rd2+ 31. Kc3 Rd7 32. b4 h5
33. Rxg6+ Kh7 34. Rg5 Rf7 35. Rxh5+ Kg6 36. Rh2 f4 37. Rf2 f3 38. Kd3 Kg5 39.
Ke3 Kg4 40. Ke4 Kg3 41. Rf1 Kg2 42. Re1 f2 43. Re2 Re7+ 44. Kd3 Rxe2 45. Kxe2
f1=Q+ 46. Ke3 Qb5 47. Kd4 Qxb4+ 48. Kd5 a5 49. Kc6 a4 50. Kxc7 a3 51. Kc8 a2
52. Kc7 a1=Q 53. Kc6 Qc1+ 54. Kd5 Qbd2+ 55. Ke4 Qce1+ 56. Kf5 Qdf2+ 57. Kg4
Qef1 58. Kh5 Qg3 59. Kh6 Qh1# {MechoulanDanie est échec et mat} 0-1

[Event "Champ FRA - Under 12"]
[Site "Europe Echecs"]
[Date "2020.07.08"]
[Round "8"]
[White "RoblinOlivier"]
[Black "NegreMaxime"]
[Result "0-1"]
[WhiteElo "1352"]
[BlackElo "1105"]
[PlyCount "92"]
[EventDate "2020.??.??"]

1. e4 e5 2. Nf3 Nc6 3. Bc4 Bc5 4. c3 Nf6 5. d4 exd4 6. e5 Ng8 7. cxd4 Bb4+ 8.
Bd2 Bxd2+ 9. Nbxd2 d5 10. Bb5 Nge7 11. O-O O-O 12. Nb3 a6 13. Bxc6 Nxc6 14. Rc1
Bg4 15. Qd3 Qe7 16. a3 Qe6 17. Nc5 Qc8 18. Ng5 Bf5 19. Qb3 b6 20. Qxd5 Ne7 21.
Qc4 bxc5 22. Qxc5 Ng6 23. Qxc7 Qxc7 24. Rxc7 h6 25. Nf3 Rac8 26. Rfc1 Rcd8 27.
h3 Be4 28. Nd2 Rxd4 29. Nxe4 Rxe4 30. Ra7 Nxe5 31. Rxa6 Nc4 32. Ra4 Nd6 33.
Rxe4 Nxe4 34. Rc4 Nd6 35. Rb4 Rc8 36. f3 Rc2 37. Rb8+ Kh7 38. b3 Rc3 39. a4
Rc1+ 40. Kf2 Rb1 41. b4 Nf5 42. a5 Nd4 43. Rb6 Nc2 44. b5 Nd4 45. a6 Rxb5 46.
Rb7 Ra5 {RoblinOlivier a perdu au temps} 0-1

[Event "Champ FRA - Under 12"]
[Site "Europe Echecs"]
[Date "2020.07.08"]
[Round "8"]
[White "FlagielloFranc"]
[Black "MareauNoe"]
[Result "1-0"]
[WhiteElo "1293"]
[BlackElo "1071"]
[PlyCount "67"]
[EventDate "2020.??.??"]

1. e4 e5 2. Nf3 Nc6 3. Bb5 Bc5 4. O-O d6 5. d4 exd4 6. Nxd4 Bd7 7. Nxc6 Bxc6 8.
Bxc6+ bxc6 9. Nc3 Nf6 10. Bg5 h6 11. Bh4 O-O 12. Bg3 Re8 13. Re1 Qe7 14. Kh1
Bb4 15. e5 Nd7 16. exd6 Qf6 17. dxc7 Bxc3 18. bxc3 Rac8 19. Qxd7 Rxe1+ 20. Rxe1
Ra8 21. Re8+ Rxe8 22. Qxe8+ Kh7 23. c8=Q Qg5 24. h3 f5 25. Qg8+ Kg6 26. Qce8+
Kf6 27. Qd8+ Kg6 28. Qxg5+ Kxg5 29. Qxg7+ Kh5 30. Qxa7 c5 31. Bd6 c4 32. g4+
Kg5 33. Qg7+ Kh4 34. Qxh6# {MareauNoe est échec et mat} 1-0

[Event "Champ FRA - Under 12"]
[Site "Europe Echecs"]
[Date "2020.07.08"]
[Round "8"]
[White "RigaudRetourne"]
[Black "MenceEline"]
[Result "0-1"]
[WhiteElo "1103"]
[BlackElo "1264"]
[PlyCount "120"]
[EventDate "2020.??.??"]

1. e4 d5 2. exd5 Qxd5 3. Nc3 Qd6 4. d4 Nf6 5. Nf3 c6 6. Bc4 Bf5 7. Be3 e6 8.
O-O Nbd7 9. Re1 Nb6 10. Bb3 Be7 11. Ne2 O-O 12. c4 Qd7 13. c5 Nbd5 14. Nf4 Nxf4
15. Bxf4 Nd5 16. Bxd5 cxd5 17. Rc1 Bf6 18. Bd6 Rfe8 19. Ne5 Bxe5 20. Bxe5 Rac8
21. Bd6 b6 22. b4 Rc6 23. a3 Rec8 24. h3 b5 25. Re3 Qxd6 26. g4 Bg6 27. h4 h6
28. h5 Bh7 29. Qf3 Qd8 30. a4 a6 31. a5 Qh4 32. Qg2 Be4 33. f3 Qg5 34. Rec3 Bh7
35. Qg3 f5 36. Kh2 Qd2+ 37. Kh3 Qxd4 38. Rb3 fxg4+ 39. fxg4 Qf6 40. Rf3 Qe7 41.
Rcf1 d4 42. Qf2 R6c7 43. Qxd4 Qd7 44. Qf2 Qe7 45. Qd4 Rd8 46. Qf2 Re8 47. Qd4
Rd8 48. Qf2 Rcc8 49. Rf4 Kh8 50. Rf3 Bg8 51. Rf4 Rd7 52. Qf3 Rcd8 53. c6 Rd3
54. Qxd3 Rxd3+ 55. R1f3 Rxf3+ 56. Rxf3 Qc7 57. Rc3 Bf7 58. Kh4 Be8 59. g5 hxg5+
60. Kxg5 Qe5+ {RigaudRetourne a abandonné} 0-1